Redefinición estratégica del empleo del Ejército de República Dominicana en tareas de seguridad ciudadana mediante la creación de unidades de Policía Militar : (Registro nro. 8582)

Detalles MARC
000 -CABECERA
campo de control de longitud fija 01997nam a2200241 4500
003 - IDENTIFICADOR DEL NÚMERO DE CONTROL
campo de control DO-SdBJH
005 - FECHA Y HORA DE LA ÚLTIMA TRANSACCIÓN
campo de control 20260226220511.0
008 - DATOS DE LONGITUD FIJA--INFORMACIÓN GENERAL
campo de control de longitud fija 260226b2025 |||d|||| |||| 00| 0 spa d
040 ## - FUENTE DE LA CATALOGACIÓN
Centro catalogador/agencia de origen DO-SdBJH
Lengua de catalogación spa
Centro/agencia transcriptor DO-SdBJH
041 0# - CÓDIGO DE LENGUA
Código de lengua del texto/banda sonora o título independiente spa
090 ## - LOCALMENTE ASIGNADO TIPO-LC NÚMERO DE CLASIFICACIÓN (OCLC); NÚMERO DE CLASIFICACIÓN LOCAL (RLIN)
Número de clasificación (OCLC) (R) ; Numero de clasificación, CALL (RLIN) (NR) CT MA-SND 0004
Número cutter local (OCLC) ; Número de libro/Signatura topográfica íntegra, CALL (RLIN) EGAEE 2025
100 1# - ENTRADA PRINCIPAL--NOMBRE DE PERSONA
Nombre de persona Morel Mateo, Fausto Osvaldo
Término indicativo de función/relación sustentante
245 10 - MENCIÓN DE TÍTULO
Título Redefinición estratégica del empleo del Ejército de República Dominicana en tareas de seguridad ciudadana mediante la creación de unidades de Policía Militar :
Resto del título período 2022-2024 /
Mención de responsabilidad, etc. Fausto Osvaldo Morel Mateo ; asesor de contenido Juan Carlos Estrella Balbuena ; asesor metodológico Marcos Mateo Capellán.
260 ## - PUBLICACIÓN, DISTRIBUCIÓN, ETC.
Lugar de publicación, distribución, etc. Santo Domingo, República Dominicana :
Nombre del editor, distribuidor, etc. UNADE,
Fecha de publicación, distribución, etc. 2025.
300 ## - DESCRIPCIÓN FÍSICA
Extensión xii, 92 páginas :
Otras características físicas gráficas.
502 ## - NOTA DE TESIS
Nota de tesis Tesis y trabajos de grado (Maestría en Seguridad y Defensa Nacional)--Universidad Nacional para la Defensa y Desarrollo Nacional "General Juan Pablo Duarte y Díez", Escuela de Graduados de Altos Estudios Estratégicos, Santo Domingo, 2025.
504 ## - NOTA DE BIBLIOGRAFÍA, ETC.
Nota de bibliografía, etc. Incluye referencias bibliográficas y anexos.
505 ## - NOTA DE CONTENIDO CON FORMATO
Nota de contenido con formato Evolución histórica en tareas de seguridad ciudadana que ha experimentado el Ejército de República Dominicana -- Características de la misión del Ejército de República Dominicana y su fundamentación legal -- Efectos de la redefinición estratégica del empleo del Ejército de República Dominicana, en materia de seguridad pública, período 2022-2024.
520 ## - SUMARIO, ETC.
Sumario, etc. El objetivo central de esta investigación es analizar la evolución histórica y transformación del Ejército de República Dominicana, destacando sus características misionales y los efectos de su papel en la seguridad pública (Seguridad Ciudadana), mediante la creación de unidades que su diseño es no experimental
650 #7 - PUNTO DE ACCESO ADICIONAL DE MATERIA--TÉRMINO DE MATERIA
Fuente del encabezamiento o término lemb
Término de materia o nombre geográfico como elemento de entrada Seguridad ciudadana
Subdivisión de forma Investigaciones
Subdivisión general reforma
Subdivisión cronológica 2022-2024
Subdivisión geográfica República Dominicana
700 1# - PUNTO DE ACCESO ADICIONAL--NOMBRE DE PERSONA
Nombre de persona Estrella Balbuena, Juan Carlos
Término indicativo de función/relación asesor de contenido
942 ## - ELEMENTOS DE PUNTO DE ACCESO ADICIONAL (KOHA)
Fuente del sistema de clasificación o colocación Clasificación Local
Tipo de ítem Koha Tesis
Existencias
Estado de retiro Estado de pérdida Fuente del sistema de clasificación o colocación Estado dañado No para préstamo Código de colección Localización permanente Ubicación/localización actual Ubicación en estantería Fecha de adquisición Número de inventario Total de préstamos Signatura topográfica completa Código de barras Fecha visto por última vez Número de copia Precio válido a partir de Tipo de ítem Koha
    Clasificación Local     Trabajos de Grado e Investigción SIBM UNADE - Biblioteca Sede Central SIBM UNADE - Biblioteca Sede Central En estantería 02/26/2026 25-02511   CT MA-SND 0004 EGAEE 2025 25-02511 02/26/2026 1 02/26/2026 Tesis
© Copyright 2016. Universidad Nacional para la Defensa.Todos los derechos reservados.

 

Designed & Maintained by: https://www.sibdweb.com.do
Sistema de Información & Bibliotecas (SIBD). Contact: pbrito2005@gmail.com